A Hotel Benczúr komplex gazdasági elemzése

Bibliográfiai részletek
Szerző: Jászberényi Dóra
További közreműködők: Bártfai Endre
Kézdi Ilona
Dokumentumtípus: Diplomadolgozat
Kulcsszavak:Benczúr Hotel
gazdasági
elemzése
Online Access:http://dolgozattar.uni-bge.hu/20549

MARC

LEADER 00000nta a2200000 i 4500
001 dolg20549
005 20190904152910.0
008 190507suuuu hu om 000 hun d
040 |a BGE Dolgozattár Repozitórium  |b hun 
041 |a hu 
100 1 |a Jászberényi Dóra 
245 1 2 |a A Hotel Benczúr komplex gazdasági elemzése  |c Jászberényi Dóra  |h [elektronikus dokumentum] 
695 |a Benczúr Hotel 
695 |a gazdasági 
695 |a elemzése 
700 1 |a Bártfai Endre  |e ths 
700 1 |a Kézdi Ilona  |e ths 
856 4 0 |u http://dolgozattar.uni-bge.hu/20549/1/A%20Hotel%20Bencz%C3%BAr%20komplex%20gazdas%C3%A1gi%20elemz%C3%A9se%20.pdf  |z Dokumentum-elérés 
856 4 0 |u http://dolgozattar.uni-bge.hu/20549/2/Titkos%C3%ADt%C3%A1si%20k%C3%A9relem.pdf  |z Dokumentum-elérés